00845nam a2200253 a 450000100060000000300080000600500170001400800410003103500190007204000270009104100080011808200250012610000340015124500500018525000120023526000600024730000210030750000190032865000400034765000420038794200120042999900170044195201330045862532BD-RjUL20211209081109.0170124s1986 ii 001 0 eng d a(BD-RjUL)62658 aDLCcDLCbengdBD-RjUL aeng 223a302.35bBAO 1986 aBanerjee, Mrityunjoy 918590210aOrganization behaviour /cMrityunjoy Banerjee a2nd ed. aNew Delhi :bAllied Publication Private Limited,c1986. a324 p. ;c24 cm. aInclude index. aOrganizational behavior. 9170696 aOrganizational effectiveness.9174441 2ddccBK c62532d62532 00102ddc40718NFICaRUCLbRUCLcReadingd1989-04-03eUBSg40.00l0o302.35 BAO 1986r2017-01-24 00:00:00tC-1w2017-01-24yBK